Attaquant des Canadiens de Montréal - Statistiques

Statistiques générales
  • Ce quiz a été pris 153 fois
  • Le résultat moyen est 13 sur 15
Statistiques - réponses
Hint Réponse % Correct
Cole Caufield 22
99%
Brendon Gallagher 11
98%
Nick Suzuki 14
98%
Juraj Slavkovsky 20
94%
Josh Anderson 17
93%
Jake Evans 71
92%
Joël Armia 40
90%
Kirby Dach 77
90%
Alex Newhook 15
86%
Raphaël Harvey-Pinard 49
86%
Micheal Pezzetta 55
85%
Christian Dvorak 28
81%
Sean Monahan 91
81%
Tanner Pearson 70
75%
Yesse Ylonen 56
73%
Aucun quiz correspondant
Distribution des résultats
% des personnes avec chaque résultat
Percentile par nombre de réponses
Votre historique - résultats
Vous n’avez pas pris ce quiz